|
|
|
|
| LEADER |
00000cam a2200000 i 4500 |
| 001 |
1/5431 |
| 008 |
100309m19761978 eng d |
| 020 |
|
|
|a 2-7117-2027-6
|
| 020 |
|
|
|a 2-7117-2028-4
|
| 020 |
|
|
|a 2-7117-2029-2
|
| 020 |
|
|
|a 2-7117-2030-6
|
| 020 |
|
|
|a 2-7117-2031-4
|
| 035 |
|
|
|l 10107159
|
| 040 |
|
|
|a GR-MY-UA
|b gre
|e aacr
|
| 041 |
0 |
|
|a eng
|
| 082 |
0 |
|
|a 510
|2 (22)
|
| 100 |
1 |
|
|a Doneddu, A.
|q (Alfred)
|
| 245 |
1 |
0 |
|a Nouveau cours de mathematiques :
|b mathematiques superieures : mathematiques speciales : premier cycle des Universites /
|c A. Doneddu
|
| 260 |
|
|
|a Paris :
|b Vuibert,
|c 1976-1978
|
| 300 |
|
|
|a 5 τ.;
|c 24 εκ.
|
| 504 |
|
|
|a Περιέχουν ευρετήριο
|
| 505 |
0 |
|
|a Τ. 2 Polynomes et algebre lineaire -- Τ. 3 Espaces euclidiens, espaces hermitiens, geometries -- Τ. 4 Topologie. Fonctions reelles d'une variable reelle -- Τ. 5 Fonctions vectorielles. Series. Equations differentielles -- Τ. 6 Geometrie differentielle, integrales multiples
|
| 650 |
0 |
0 |
|a Mathematics.
|
| 650 |
0 |
0 |
|a Polynomials.
|
| 650 |
0 |
0 |
|a Geometry
|x Foundations.
|
| 650 |
0 |
0 |
|a Algebras, Linear.
|
| 650 |
0 |
0 |
|a Topology.
|
| 650 |
0 |
0 |
|a Differential equations.
|
| 650 |
0 |
0 |
|a Series.
|
| 650 |
0 |
0 |
|a Geometry, Differential.
|
| 740 |
0 |
2 |
|a Polynomes et algebre lineaire
|
| 740 |
0 |
2 |
|a Espaces euclidiens, espaces hermitiens, geometries
|
| 740 |
0 |
2 |
|a Topologie. Fonctions reelles d'une variable reelle
|
| 740 |
0 |
2 |
|a Fonctions vectorielles. Series. Equations differentielles
|
| 740 |
0 |
2 |
|a Geometrie differentielle, integrales multiples
|
| 852 |
|
|
|a INST
|b SAMOS
|c MAG
|e 20100309
|h 510 DON
|p 005300030521
|q 005300030521
|t BK
|v τ.6:
|y 0
|z τ.6
|
| 852 |
|
|
|a INST
|b SAMOS
|c MAG
|e 20100309
|h 510 DON
|p 005300030522
|q 005300030522
|t BK
|v τ.5:
|y 0
|z τ.5
|
| 852 |
|
|
|a INST
|b SAMOS
|c MAG
|e 20100309
|h 510 DON
|p 005300030523
|q 005300030523
|t BK
|v τ.4:
|y 0
|z τ.4
|
| 852 |
|
|
|a INST
|b SAMOS
|c MAG
|e 20100309
|h 510 DON
|p 005300030524
|q 005300030524
|t BK
|v τ.3:
|y 0
|z τ.3
|
| 852 |
|
|
|a INST
|b SAMOS
|c MAG
|e 20100309
|h 510 DON
|p 005300030525
|q 005300030525
|t BK
|v τ.2:
|y 0
|z τ.2
|
| 853 |
|
|
|a INST
|b SAMOS
|c MAG
|h 510 DON
|
| 901 |
|
|
|a BIBL3-2010-1
|
| 909 |
|
|
|a Σ
|b 161916
|
| 909 |
|
|
|a Σ
|b 161917
|
| 909 |
|
|
|a Σ
|b 161918
|
| 909 |
|
|
|a Σ
|b 161919
|
| 909 |
|
|
|a Σ
|b 161920
|
| 970 |
|
|
|a ΡΟΥΣΣΟΥ
|b ΚΩΝΣΤΑΝΤΙΝΑ
|z 2010/03/08
|